| 000 | 00744nam a2200265Ia 4500 | ||
|---|---|---|---|
| 001 | Para_9176 | ||
| 003 | CHAP | ||
| 008 | a0002004004 0000000000 00 | ||
| 008 | 220125s2004 xx 000 0 und d | ||
| 010 | _a209205 | ||
| 040 | _cCHAP | ||
| 090 | _aCD 17 | ||
| 110 |
_aAmerican Phytopathological Society _95265 |
||
| 245 |
_aThe aphid : _b a virus vector |
||
| 260 |
_aSt. Paul, Minn. : _b APS Press |
||
| 650 |
_aAfididos _x Hábitos y Conducta _9172089 |
||
| 650 |
_aAfididos _x Identificación _9175375 |
||
| 901 | _aCD 17 | ||
| 902 | _aM | ||
| 905 | _a0000042004 0000000000 00 | ||
| 910 | _a2004 | ||
| 942 | _cPARA | ||
| 942 |
_cPARA _d5 |
||
| 999 |
_c209205 _d209205 |
||